000
00200 a2200097 4500
001
52234
100
_a
Ayres, F
245
_a
Culculus:
260
_a
Singapore
_b
McGraw Hill
_c
090
_c
32897
_d
32897
942
_a
NUST-CAE
_c
M
_c
25443
999
_c
287307
_d
287307